000 00864nam a2200241Ia 4500
003 OSt
005 20220923212939.0
006 a|||||r|||| 00| 0
007 ta
008 220922b |||||||| |||| 00| 0 hin d
024 _a157,245
037 _cTextual
040 _aARTS
_cARTS
_bhin
041 _2hin
_ahin
082 _aO152:gN7, N1
100 _aतिवारी, विश्वनाथ प्रसाद, संपा.
245 0 _aआठवे दशक की हिन्दी आलोचना
246 _aĀṭhave dashak kī hindī ālochanā
260 _aनई दिल्ली
_b नेशनल पब्लि हाउस
_c1991
300 _a202 पृ.
_ccm.
942 _hO152:gN7, N1
_cTEXL
_2CC
999 _c312462
_d312462